Central Library OPAC University of Rajshahi

Environmental psychology : (Record no. 81365)

MARC details
000 -LEADER
fixed length control field 01231nam a2200337 a 4500
001 - CONTROL NUMBER
control field 81365
003 - CONTROL NUMBER IDENTIFIER
rucl marc code BD-RjUL
005 - DATE AND TIME OF LATEST TRANSACTION
control field 20230510110853.0
008 - FIXED-LENGTH DATA ELEMENTS--GENERAL INFORMATION
fixed length control field 230510s2019 nju 001 0 eng
020 ## - INTERNATIONAL STANDARD BOOK NUMBER
International Standard Book Number 9781119241089 (pbk.)
035 ## - SYSTEM CONTROL NUMBER
System control number (BD-RjUL)81365
040 ## - CATALOGING SOURCE
Original cataloging agency DLC
Language of cataloging eng
Description conventions rda
Transcribing agency DLC
Modifying agency BD-RjUL
041 ## - LANGUAGE CODE
Language code of text/sound track or separate title eng
082 00 - DEWEY DECIMAL CLASSIFICATION NUMBER
Edition number 23
Classification number 155.9
Author mark and year ENV 2019
245 00 - TITLE STATEMENT
Title Environmental psychology :
Remainder of title an introduction /
Statement of responsibility, etc. edited by Linda L.S. Steg, Groningen University, Netherlands, Judith I.M. de Groot, Bournemouth University, Bournemouth.
250 ## - EDITION STATEMENT
Edition statement Second edition.
263 ## - PROJECTED PUBLICATION DATE
Projected publication date 1812
264 #1 - PRODUCTION, PUBLICATION, DISTRIBUTION, MANUFACTURE, AND COPYRIGHT NOTICE
Place of production, publication, distribution, manufacture Hoboken, NJ :
Name of producer, publisher, distributor, manufacturer Wiley-Blackwell,
Date of production, publication, distribution, manufacture, or copyright notice 2019.
300 ## - PHYSICAL DESCRIPTION
Pagination xxvii, 418 pages:
Illustrations illustrations;
Size 25 cm.
336 ## - CONTENT TYPE
Content type term text
Content type code txt
Source rdacontent
337 ## - MEDIA TYPE
Media type term unmediated
Media type code n
Source rdamedia
338 ## - CARRIER TYPE
Carrier type term volume
Carrier type code nc
Source rdacarrier
490 0# - SERIES STATEMENT
Series statement BPS textbooks in psychology
500 ## - GENERAL NOTE
General note Includes index.
650 #0 - SUBJECT ADDED ENTRY--TOPICAL TERM
Topical term or geographic name as entry element Environmental psychology.
9 (RLIN) 1215
700 1# - ADDED ENTRY--PERSONAL NAME
Personal name Steg, Linda,
Relator term editor.
Personal name de Groot, Judith I. M.,
Relator term editor.
776 08 - ADDITIONAL PHYSICAL FORM ENTRY
Relationship information Online version:
Title Environmental psychology
Edition Second edition.
Place, publisher, and date of publication Hoboken, NJ : Wiley-Blackwell, 2018
International Standard Book Number 9781119241041
Record control number (DLC) 2018028741
942 ## - ADDED ENTRY ELEMENTS (KOHA)
Source of classification or shelving scheme Dewey Decimal Classification
Koha item type Books
Holdings
Lost status Source of classification or shelving scheme Damaged status Not for loan Collection code Permanent Location Current Location Shelving location Date acquired Source of acquisition Cost, normal purchase price Total Checkouts Full call number Date last seen Copy number Koha item type
  Dewey Decimal Classification   Not For Loan Non-fiction Central Library, University of Rajshahi Central Library, University of Rajshahi Reading Room 07/05/2023 Dhaka : Book Finder 3961.89   155.9 ENV 2019 10/05/2023 C-1 Books
  Dewey Decimal Classification     Non-fiction Central Library, University of Rajshahi Central Library, University of Rajshahi General Stacks 07/05/2023 Dhaka : Book Finder 3961.89   155.9 ENV 2019 10/05/2023 C-2 Books
  Dewey Decimal Classification     Non-fiction Central Library, University of Rajshahi Central Library, University of Rajshahi General Stacks 07/05/2023 Dhaka : Book Finder 3961.89   155.9 ENV 2019 10/05/2023 C-3 Books